UM Logo

The national internal revenue code of the Philippines : (Record no. 20097)

MARC details
000 -LEADER
fixed length control field 00625nam a22001697a 4500
008 - FIXED-LENGTH DATA ELEMENTS--GENERAL INFORMATION
fixed length control field 240408b ||||| |||| 00| 0 eng d
020 ## - INTERNATIONAL STANDARD BOOK NUMBER
International Standard Book Number 9710840819
082 ## - DEWEY DECIMAL CLASSIFICATION NUMBER
Classification number DFil 343.04599
Item number N72 1988
100 ## - MAIN ENTRY--PERSONAL NAME
Personal name Nolledo, Jose N.
9 (RLIN) 56391
245 ## - TITLE STATEMENT
Title The national internal revenue code of the Philippines :
Remainder of title re-numbered and re-arranged by executive order no. 273 /
Statement of responsibility, etc. Jose N. Nolledo.
250 ## - EDITION STATEMENT
Edition statement 1988 revised edition.
260 ## - PUBLICATION, DISTRIBUTION, ETC. (IMPRINT)
Place of publication, distribution, etc. Manila :
Name of publisher, distributor, etc. National Book Store, Inc.,
Date of publication, distribution, etc. ©1988.
300 ## - PHYSICAL DESCRIPTION
Extent v, 266 pages :
Other physical details illustrations ;
Dimensions 22 cm.
500 ## - GENERAL NOTE
General note Includes appendices.
650 ## - SUBJECT ADDED ENTRY--TOPICAL TERM
Topical term or geographic name as entry element Internal revenue.
9 (RLIN) 56412
942 ## - ADDED ENTRY ELEMENTS (KOHA)
Source of classification or shelving scheme Dewey Decimal Classification
Koha item type Filipiniana
Holdings
Withdrawn status Lost status Source of classification or shelving scheme Damaged status Not for loan Collection code Home library Current library Date acquired Source of acquisition Total Checkouts Full call number Barcode Date last seen Price effective from Koha item type
    Dewey Decimal Classification     Filipiniana UM Digos College - LIC UM Digos College - LIC 08/08/1988 Purchased   DFil 343.04599 N72 1988 9686 05/15/2025 04/08/2024 Filipiniana